000
00319nam a22001457a 4500
008
210602b ||||| |||| 00| 0 eng d
020
_a
0891640878
041
_a
eng
080
_a
32
082
_a
32
100
_a
19
101
_a
SHP
245
_a
Resolving Environmental Disputes
_c
Gail Bingham
942
_2
udc
_c
BK
999
_c
57882
_d
57882